Alergény potravín

Bibliographic Details
Main Author: Kolesárová, Eva (Author)
Format: Article
Language:Slovak
PhysicalDescription:Tab. 1
ISSN:0042-9406
Subjects:

MARC

LEADER 00000nab a2200000 a 4500
001 vtls000589475
003 SK-MaSNL
005 20260304093033.0
008 250425c1996 xo 0 slo
015 |a SNBRB19rr/mm-uuuuu 
035 |a CL0589614 
035 |a urn:nbn:sk:snk-ab6vqn 
035 |a (uuid)4170dbe0-508c-4723-9702-0953f6b74085 
035 |a (urnnbn)urn:nbn:sk:snk:ar-a0612f 
035 |a (sysno)vtls000589475 
040 |a SNKBUCL  |b slo  |c SNKBUCL  |e AACR2 
041 0 |a slo 
044 |a xo  |c SK 
080 |a 613.2  |2 1981 
100 1 |a Kolesárová, Eva  |4 aut  |9 675672 
245 1 0 |a Alergény potravín  |c Eva Kolesárová 
300 |b Tab. 1 
650 0 7 |a potraviny  |2 snkbucl  |9 1614 
650 0 7 |a alergény  |2 snkbucl  |9 19079 
655 7 |a články z novín a časopisov  |2 snkbucl  |9 267496 
773 0 |t Výživa a zdravie  |g Roč. 41, č. 2 (1996), s. 56-57  |x 0042-9406 
850 |a Slovenská národná knižnica 
852 |a Slovenská národná knižnica 
954 |a odborná, vedecká literatúra pôvodná (slovenská)  |2 lita 
958 |a article27 
958 |a RK 
958 |a MI 
958 |a OND 
958 |a EUIPO 
992 |a RBX 
999 |c 2821321  |d 2823251